000 01379nam a2200337 i 4500
003 EG-GICUC
005 20260211224130.0
008 260211s1985 |||||||fr|||| 00| 0 ara d
017 _a1984/5539
020 _a9773730395
040 _a EG-GICUC
_bara
_c EG-GICUC
_d EG-GICUC
_erda
041 _aara
082 0 4 _a343.442
_bم ع . و
_221
092 0 4 _221
099 _aLaw1 10 343.442 م ع . و 2 ed - 1985 1006305
100 0 _aمعوض عبد التواب.
_eمؤلف.
245 1 2 _aالوسيط في التشريعات العسكرية :
_bشرح قانون الأحكام العسكرية : القضاء العسكري لهيئة الشرطة ، شرح قانون الخدمة العسكرية /
_cمعوض عبد التواب.
250 _aالطبعة الثانية،
264 1 _aالقاهرة :
_bعالم الكتاب،
_c1985،
300 _a366 صفحة ؛
_c24 سم
_bإيضاحيات، صور، مثيليات ؛
336 _2rda content
_atext
337 _2rda media
_aComputer
338 _2rda carrier
_aOnline Resource
504 _aيشتمل على ارجاعات ببليوجرافية
650 1 _aقانون العقوبات العسكري.
_2qrmak
650 1 _aالقانون الجنائي.
_2qrmak
651 1 _2qrmak
856 4 0 _uhttps://fll.law.cu.edu.eg/fulltext/bks/B10-06305.pdf
905 _a18
942 _2ddc
_cBK
_e21
_n0
999 _c62729
_d62729